Nástroje marketingovej podpory v oblasti personálneho manažmentu bakalárska práca

Gespeichert in:
Bibliographische Detailangaben
1. Verfasser: Udvardyová, Simona
Körperschaft: Obchodná fakulta EU. Katedra marketingu
Weitere Verfasser: Filo, Peter
Format: Buch
Sprache:Slowakisch
Veröffentlicht: Bratislava 2018
Tags: Tag hinzufügen
Keine Tags, Fügen Sie das erste Tag hinzu!

MARC

LEADER 00000nbm a2200000 4500
001 0244988
005 20180815092548.3
041 0 |a slo 
044 |a SK 
245 1 0 |a Nástroje marketingovej podpory v oblasti personálneho manažmentu  |b bakalárska práca  |c Simona Udvardyová ; školiteľ: Peter Filo 
264 1 |a Bratislava  |c 2018 
300 |a 41 s. 
100 1 |a Udvardyová, Simona 
700 1 |a Filo, Peter 
710 2 |a Obchodná fakulta EU. Katedra marketingu